Score 0/34 Timer 03:00
0 Plays Today
Clue 4-Letter Word % Correct
____ of The RingsLORD
93.3%
❢ ____ LIKE IT HOT ❢❢ SOME ❢
92.4%
Good, better, ____BEST
90.7%
Hourglass fillerSAND
87.5%
KC & The Sunshine ____BAND
85.1%
Folk knowledgeLORE
82%
❢ UTTERED ❢❢ SAID ❢
80.9%
Element with the symbol PbLEAD
78.6%
Big bookTOME
77.6%
House topperROOF
77.1%
Motel unitROOM
76.1%
Tackle box itemLURE
75.7%
Give, for a whileLEND
74.1%
Not optionalMUST
71.6%
Pine:Needle::Oak:___LEAF
71%
Put downLAID
69.9%
JokeJEST
69%
Clue 4-Letter Word % Correct
❢ IT MIGHT GET ____❢ LOUD ❢
68.7%
DeformedBENT
67.7%
SilentMUTE
67.4%
Big ___ National Park in TexasBEND
67.2%
Bard's guitar?LUTE
66.9%
Sound a hornTOOT
66.4%
❢ FAIR & EQUITABLE ❢❢ JUST ❢
66.3%
RoveROAM
66%
❢ ____ AND JEFF ❢❢ MUTT ❢
65.8%
Baguette, e.g.LOAF
65.7%
Ice, Green, or Grace followerLAND
65.5%
Shredded, like homeworkTORE
64.1%
PillageLOOT
62.7%
Rich soilLOAM
61.7%
Legal matterTORT
59.6%
Uncouth fellowLOUT
58.6%
❢ WOVEN THREADS ❢❢ WOOF ❢
25.7%

Today's Daily Dose

Missing Word
'T' Pairs

Word Ladder
Game Pieces

Get the Picture
Baseball Movies

Remove Ads.
Support Sporcle.
Get the best of Sporcle when you Go Orange. This ad-free experience offers more features, more stats, and more fun while also helping to support Sporcle. Thank you for becoming a member.

You're not logged in!

Compare scores with friends on all Sporcle quizzes.
OR
Log In

Show Comments

Extras

Top Quizzes Today


Score Distribution

Your Account Isn't Verified!

In order to create a playlist on Sporcle, you need to verify the email address you used during registration. Go to your Sporcle Settings to finish the process.

Report this User

Report this user for behavior that violates our Community Guidelines.

Details: